000 00625nam a22001937a 4500
003 OSt
005 20131115122750.0
008 130528s2003 sp ||||| |||| 00| 0 spa d
020 _a8474266203
040 _cCDMR
100 1 _9849
_aRivière, Margarita
245 1 3 _aEl malentendido
_b: cómo nos educan los medios de comunicación
_cMargarita Rivière
260 _aBarcelona
_bIcaria
_c2003
300 _a186 p.
490 0 _aAntrazyt
_aAnálisis contemporáneo
_v190
650 0 4 _92757
_aMitjans de comunicació de massa
_xAspectes socials
650 0 4 _93542
_aMitjans de comunicació de massa
_xInfluència
942 _2udc
_cMON
999 _c6332
_d6332